000 00523nam a2200181Ia 4500
005 20250923144322.0
008 008 250917s9999 xx 000 0 eng d
037 _aTextual
040 _aDSWL
_beng
_cDSWL
041 _aeng
_2eng
084 _aS:11, H8
_qDSWL
100 _aStern, E.M.
_9823621
245 0 _aMental illness: A guide for the family
_cby E.M. Stern
260 _aNew York
_b Commonwealth Fund
_c1948
300 _a109 p.
942 _cTEXL
_hS:11, H8
999 _c1437394
_d1437394